Programming Applications For Microsoft Windows (Record no. 304960)

MARC details
000 -LEADER
fixed length control field 00492nam a2200181Ia 4500
008 - FIXED-LENGTH DATA ELEMENTS--GENERAL INFORMATION
fixed length control field 230718s9999 xx 000 0 und d
041 ## - LANGUAGE CODE
Language code of text/sound track or separate title eng
082 ## - DEWEY DECIMAL CLASSIFICATION NUMBER
Classification number 005.2684
Item number RIC
100 ## - MAIN ENTRY--PERSONAL NAME
Personal name Richter J.
9 (RLIN) 124071
245 ## - TITLE STATEMENT
Title Programming Applications For Microsoft Windows
250 ## - EDITION STATEMENT
Edition statement 4th ed.
260 ## - PUBLICATION, DISTRIBUTION, ETC. (IMPRINT)
Date of publication, distribution, etc. 2002
Name of publisher, distributor, etc. Microsoft Press/WP
300 ## - PHYSICAL DESCRIPTION
Extent 105
Accompanying material [OBSOLETE, CAN/MARC] Ref 935 C (16167)
365 ## - TRADE PRICE
Currency code Rs.
Price amount 725.00
500 ## - GENERAL NOTE
Keywords 935 C
700 ## - ADDED ENTRY--PERSONAL NAME
Personal name Richter J.
9 (RLIN) 124071
906 ## - LOCAL DATA ELEMENT F, LDF (RLIN)
d B:726331-Jan-2003
c COMP
b 145
Holdings
Withdrawn status Lost status Source of classification or shelving scheme Reference No Damaged status Not for loan Home library Current library Date acquired Vendor Budget Code Cost, normal purchase price Bill number Full call number Barcode Date last seen Discount Cost, replacement price Bill Date Koha item type Original Barcode
    Dewey Decimal Classification Ref 935 C (16167)   Reference Cummins College of Engineering for Women Pune Cummins College of Engineering for Women Pune 03/02/2003 Technical Book Services COMP 580.00 7263 005.2684 CCEP-BK-16167 18/07/2023 145 725.00 31/01/2003 Books 016167